Top 10 des prénoms féminins les plus donnée en France en 2024 - Insee - Statistiques

Statistiques générales
  • Ce quiz a été pris 111 fois
  • Le résultat moyen est 5 sur 10
Statistiques - réponses
Prénom % Correct
5e Emma
74%
1er Louise
68%
2nd Jade
63%
10e Anna
59%
3e Ambre
49%
8e Rose
42%
9e Alice
39%
7e Romy
30%
4e Alba
28%
6e Alma
21%
Aucun quiz correspondant
Distribution des résultats
% des personnes avec chaque résultat
Percentile par nombre de réponses
Votre historique - résultats
Vous n’avez pas pris ce quiz